000 00636nam a2200217Ia 4500
003 GCL
008 140319s9999 xx 000 0 ara d
040 _aGCL /
_cGCL
082 0 4 _aط
_b813.01
_bم ص
100 1 _aامين دويدار
245 1 0 _aالصندوق الصغير وقصص اخرى /
_cامين دويدار
700 1 _aمحمود زهران
700 1 _aمحمد سعيد العريان
300 _a96 ص
490 _aكان ياما كان
_v0
650 0 4 _aالقصص القصيرة
650 0 4 _aالاطفال
650 0 4 _aقصص الاطفال
650 0 4 _aادب الاطفال
942 _2ddc
_cBK
999 _c50834
_d50834